000 00731nam a2200217 u 4500
001 000449883
003 AM-YeHGA
005 20250617133325.0
008 050712s1984 ||||||||||||||||||||rus|d
040 _aAM-YeHGA
041 0 _arus
100 1 _aАсафьев, Борис Владимирович.
245 1 0 _aГриг /
_cБ. Асафьев.
260 _aЛенинград :
_bМузыка,
_c1984.
300 _a88 с. :
_bнот. ил.
600 1 4 _aГриг, Эдвард Хагеруп
_d1843-1907
650 1 4 _aКомпозиторы норвежские
_y19 в.
650 1 4 _aМузыкальная культура
_zНорвегия
653 0 _aНорвежская музыка, 19 в.
090 _c165394
999 _c163971
_d163971